000 00575nmm a2200169Ia 4500
008 251105s9999||||xx |||||||||||||||||und||
020 _a188252828X
041 _aeng
100 _aTeegarden, Kevin E.
245 4 _aThe reader in Luis Goytisolo's Antagonía tetralogy : a study in narrative communication
264 _a[Washington, Estados Unidos] :
_bScripta Humanistica,
_c1998
300 _a211 páginas
490 _aSpanish 19th and 20th Centuries Literature
650 _aSpanish literature
856 _uhttps://public.digitaliapublishing.com/a/269
942 _cCF
999 _c73004
_d73004